000 00254nam a2200121Ia 4500
100 _a#N/A
942 _cBK
245 _aTurban & Leidner - Information Technology for Management
260 _b#N/A
082 _b22111
546 _aENGLISH
999 _c26293
_d26293